Filosofía de la comunicación en tiempos digitales /

Guardado en:
Autor Principal: Ure, Mariano
Formato: Libro
Publicado: Buenos Aires : Biblos, 2010
Materias:
Etiquetas: Agregar Etiqueta
Sin Etiquetas, Sea el primero en etiquetar este registro!
LEADER 01119nam a22002175a 4500
001 CEM.cems013681
005 20120531135341.0
008 130507s2010##################000#0#####d
003 CEMS
020 |a 9789507868306 
082 0 4 |a 301.153 
100 1 |a Ure, Mariano 
245 1 0 |a Filosofía de la comunicación en tiempos digitales /  |c Mariano Ure 
260 |a Buenos Aires :  |b Biblos,  |c 2010 
300 |a 283 p. 
505 0 |a Filosofía y ontología -- Diálogo existencial y conversación -- Supuestos antropológicos de un historicismo realista -- La lingüisticidad de la tradición y su interpretación -- Criterio de verdad en el círculo hermenéutico -- Etica general y deontología -- Tradición y valores -- Objeto de estudio de la moral -- Perspectivas éticsa contemporaneas -- Etica de "personalización por la comunicación" -- Función motivadora de los fundamentos -- Utopía de la comunicación 
653 |a Comunicación 
653 |a Filosofía de la comunicación 
653 |a Comunicación social 
653 |a Medios de comunicación 
859 |a CEMS  |b BIB. CEMS - 11 de abril  |h 301.153  |i Ur2  |p 26376.12  |t Ej.1